LEADER 01366cam a2200301 a 4500 001 000000136080 003 CaOOAMICUS 005 20131104115935.0 008 131104s2011 enk b 000 u eng r 020 $a978-0-567-42750-2 040 $aPUL$bita 082 04$a225.6 100 1 $aBird, Jennifer G.$0(OLS)http://pul/name/87589 245 10$aAbuse, power and fearful obedience :$breconsidering 1 Peter's commands to wives /$cGennifer G. Bird. 260 $aLondon, New York :$bBloomsbury T&T Clark,$c2011. 300 $axi, 166 p. ;$c24 cm 490 1 $aLibrary of New Testament studies ;$v442 504 $aBibliografia p. [145]-162. 630 04$aBiblia.$pN.T.$pPetri I$xCritica e interpretazione.$0(OLS)http://pul/subject/9383 830 0$aLibrary of New Testament studies ;$v442.$0(OLS)http://pul/title/158087 850 $aPUL 852 $aPUL$W1$xSL Religione 3$y85$m225. 6 COLL 1.442$j156858$qDDC 21$B156250$CPULBib$Z2$F156250 $H123156 $82 941 1 $a9 996 $6020$a978-0-567-42750-2$9(OLS)http://pul/number/153861 996 $6082$a225.6$9(OLS)http://pul/classification/1734 996 $6245$aAbuse, power and fearful obedience :$breconsidering 1 Peter's commands to wives$9(OLS)http://pul/title/172081 996 $6260$aLondon, New York :$bBloomsbury T&T Clark$9(OLS)http://pul/publisher/82359 LEADER 01314nam a2200277 u 4500 001 000000080824 003 CaOOAMICUS 005 20070226123705.0 008 050225s2004 it u000 u ita u 035 $a11030578 040 $aPUL$bita 100 1 $aZenone, Giovanni.$0(OLS)http://pul/name/53918 245 13$aLa nozione di senso comune nella filosofia di Jacques Maritain ed Etienne Gilson /$cGiovanni Zenone. 260 $aRoma :$bPontificia Università Lateranense,$c2004. 300 $a231 p. ;$c24 cm 500 $a"Excerptum theseos ad Doctoratum in Philosophia". 502 $aDiss. (Doct.)-- Pontificia Università Lateranense, 2004. 504 $aBibliografia: p. 223-230. 600 14$aMaritain, Jacques,$d1882-1973.$0(OLS)http://pul/subject/551 600 14$aGilson, Étienne ,$d1884-1978.$0(OLS)http://pul/subject/593 650 4$aSenso comune.$0(OLS)http://pul/subject/20762 850 $aPUL 852 $aPUL$W1$xDP1 Tesi Pon Univ. Lateranense$y41$mTH PUL 1252$j103188$nBK-PRI$b $qTesi$B103188$CPULBib$Z2$F103188 $H $81 941 1 $a16 996 $6245$aLa nozione di senso comune nella filosofia di Jacques Maritain ed Etienne Gilson$9(OLS)http://pul/title/105814 996 $6260$aRoma :$bPontificia Università Lateranense$9(OLS)http://pul/publisher/47963